GETS Theological Seminary Library

On being and essence (Record no. 44898)

MARC details
000 -LEADER
fixed length control field 00607nam a2200169Ia 4500
008 - FIXED-LENGTH DATA ELEMENTS--GENERAL INFORMATION
fixed length control field 230822s9999 xx 000 0 und d
020 ## - INTERNATIONAL STANDARD BOOK NUMBER
International Standard Book Number 97808884425050888442505
041 ## - LANGUAGE CODE
Language code of text/sound track or separate title eng
050 ## - LIBRARY OF CONGRESS CALL NUMBER
Classification number B765.T5
Item number .D43 1983
100 ## - MAIN ENTRY--PERSONAL NAME
Personal name Thomas Aquinas, Saint
245 #0 - TITLE STATEMENT
Title On being and essence
Remainder of title /
Statement of responsibility, etc. Thomas Aquinas, Saint
260 ## - PUBLICATION, DISTRIBUTION, ETC.
Place of publication, distribution, etc. Toronto :
Name of publisher, distributor, etc. Pontif. Inst. of Mediaeval Studies,
Date of publication, distribution, etc. 1983
300 ## - PHYSICAL DESCRIPTION
Extent 75 P.
Other physical details ;
Dimensions 21cm.
490 ## - SERIES STATEMENT
Series statement Mediaeval sources in translation,
Volume/sequential designation 1
650 ## - SUBJECT ADDED ENTRY--TOPICAL TERM
Topical term or geographic name entry element Thomas, Aquinas, Saint, 1225?-1274 Philosophy.Thomas, Aquinas, Saint, 1225?-1274.Ontology Early works to 1800.
Holdings
Withdrawn status Lost status Damaged status Not for loan Home library Current library Shelving location Date acquired Cost, normal purchase price Total Checkouts Full call number Barcode Date last seen Price effective from Koha item type
        GETS Theological Seminary Library GETS Theological Seminary Library   08/23/2023 24.50   B765.T5 .D43 1983 00027366 08/23/2023 08/23/2023 English Books
OpacCredits

Contact the Librarian, GETS Library
Email: library@mygets.org









Implemented by GETS Library
(Powered by ETCA Professional Group)
GETS Theological Seminary
412 E. Rowland Street, CA 91723